| 000 | 00800nam a2200217Ii 4500 | ||
|---|---|---|---|
| 003 | JO-AjNU | ||
| 008 | 230605s9999||||xx |||||||||||||| ||und|| | ||
| 017 | _a2007/6/1857 | ||
| 040 |
_aJO-AjNU _bara _erda _cJO-AjNU |
||
| 041 | _aara | ||
| 050 | 1 | 4 | _aHM1261.A426 2008 |
| 100 | 3 |
_aالعجمي، محمد حسنين, _eauthor _940914 |
|
| 245 | 0 | 0 | _aالاتجاهات الحديثة في القيادة الادارية والتنمية البشرية |
| 250 | _aط1 | ||
| 264 | 3 | 1 | _aعمان: دار المسيرة للنشر والتوزيع، 2008 |
| 300 |
_a394ص _bيحتوي على ببلوغرافية من 381-394ص |
||
| 336 |
_atext _btxt _2rdacontent |
||
| 337 |
_aunmediated _bn _2rdamedia |
||
| 338 |
_avolume _bnc _2rdacarrier |
||
| 650 | 4 |
_aالادارة التنفيذية _940915 |
|
| 999 |
_aA17401 _c20969 _d20969 |
||